000 01169nam a2200277 a 4500
008 120416s1997 ||||||||||||||||| || u
020 _a0521566436
050 _aQK 905 Pla
100 _aSmith, Thomas Michael, 1955-
245 1 0 _aPlant functional types: the reverence to ecosystem properties and global change
_cedited by T. M. Smith
260 _aCambridge
_bCambridge University Press
_c1997
300 _axii, 369p. : ill.
350 _a0.00
490 _aInternational Geosphere-Biosphere Programme book series
490 _v1
500 _aBibliography
650 _aPLANTS
650 _aINTERNATIONAL GEOSPHERE--BIOSPHERE PROGRAM 'GLOBAL CHANGES'
650 _aCLIMATE CHANGE--COMESA
650 _aVegetation and climate
650 0 _aPLANT ECOPHYSIOLOGY
700 _aWoodward, F. I
700 _aShugart, H. H
995 _aANNEX COLLECTION (Main Library)
_D0.00
_e734547
_FCBU-MAIN LIBRARY (Kitwe)
_H1
_I29.95
_jQK 905 Pla
_M1
_UAVAILABLE
_WApr 25, 2006
_y47979
_ZAnnex Low-Usage Collection
995 _aANNEX COLLECTION (Main Library)
_D0.00
_e729870
_FCBU-MAIN LIBRARY (Kitwe)
_H2
_I29.95
_jQK 905 Pla
_M2
_UAVAILABLE
_y023794
_ZAnnex Low-Usage Collection
999 _c81966
_d81966